000 00522nam a22001937a 4500
005 20241205105057.0
008 241205b |||||||| |||| 00| 0 eng d
020 _a9780639017433
022 _a0409004480
041 _aEnglish
082 _a349 JOU
100 _lEnglish
245 _aThe Law of South Africa /
_cWA Joubert
250 _aThird Edition
260 _aDurban:
_bLexisNexis,
_c2024
300 _bvii, 506 pages;
_c25 cm.
650 _aLegal practice
_bLaw
942 _cBK
_6ALISON_BN_VRIES
999 _c3280
_d3280